000
00319nam a22001337a 4500
020
_a
81-7910-022-7
041
_a
ENG
100
_a
Srinivasan.T.M
245
_a
Use of Computers and Multimedia in Education
260
_a
Jaipur
_b
Aavishkar Publishers
_c
2002
300
_a
200
650
_a
General
856
_u
M.Tech ( 7 )
999
_c
1076
_d
1076